[Event "Toronto-ch Reserves"]
[Site "Toronto"]
[Date "2010.03.09"]
[Round "7"]
[White "Plotkin, Mark"]
[Black "Cheron, Anthony"]
[Result "1-0"]
[WhiteElo "1770"]
[BlackElo "1925"]
[PlyCount "115"]
[EventDate "2010.01.26"]
[EventType "tourn"]
[EventRounds "7"]
[EventCountry "CAN"]
[SourceTitle "EXT 2022"]
[Source "ChessBase"]
[SourceDate "2021.10.06"]
[SourceVersion "1"]
[SourceVersionDate "2021.10.06"]
[SourceQuality "1"]

1. d4 d6 2. e4 e5 3. dxe5 dxe5 4. Qxd8+ Kxd8 5. Nf3 f6 6. Bc4 g6 7. 0-0 Bh6 8. Nc3 c6 9. a4 Bxc1 10. Raxc1 Nh6 11. b4 Ke7 12. Rcd1 Rd8 13. Rxd8 Kxd8 14. Rd1+ Ke7 15. b5 Bg4 16. Rd3 Nd7 17. h3 Bxf3 18. Rxf3 Nc5 19. g4 g5 20. Kf1 Nf7 21. Bxf7 Kxf7 22. Ke2 Rd8 23. a5 a6 24. bxc6 bxc6 25. Re3 Ne6 26. Ke1 Nd4 27. Kd1 Nf5+ 28. Rd3 Rxd3+ 29. cxd3 Nd4 30. Na2 c5 31. Nc3 Nb3 32. Na4 Ke7 33. Kc2 Nd4+ 34. Kc3 Kd6 35. Nb2 Kc6 36. Kc4 Nb5 37. Na4 Nd6+ 38. Kb3 c4+ 39. Kc3 cxd3 40. Kxd3 Kb5 41. Nc3+ Kxa5 42. Nd5 Kb5 43. Nxf6 a5 44. Nxh7 Kb4 45. Nxg5 a4 46. Kc2 a3 47. h4 Nc4 48. Kb1 Kb3 49. Nf3 a2+ 50. Ka1 Nb2 51. Ne1 Nd1 52. Nd3 Ka3 53. h5 Nc3 54. h6 Nxe4 55. h7 Nd2 56. Nc5 Nf3 57. h8Q Nd4 58. Qa8+ 1-0

[Event "Toronto-B2"]
[Site "Toronto"]
[Date "2009.03.17"]
[Round "8"]
[White "Cheron, Anthony"]
[Black "Kleinman, Michael"]
[Result "0-1"]
[WhiteElo "1975"]
[BlackElo "2032"]
[PlyCount "118"]
[EventDate "2009.01.27"]
[EventType "tourn"]
[EventRounds "9"]
[EventCountry "CAN"]
[SourceTitle "EXT 2011"]
[Source "ChessBase"]
[SourceDate "2010.11.26"]
[SourceVersion "1"]
[SourceVersionDate "2010.11.26"]
[SourceQuality "1"]

1. d3 b6 2. e4 Bb7 3. g3 d5 4. Bg2 dxe4 5. Bxe4 Bxe4 6. dxe4 Qxd1+ 7. Kxd1 Nf6 8. f3 Nc6 9. c3 0-0-0+ 10. Ke2 Ne5 11. Nh3 h6 12. Na3 e6 13. Nc2 Nd3 14. Rd1 Nxc1+ 15. Raxc1 Be7 16. Rxd8+ Bxd8 17. Rd1 g5 18. Nf2 c5 19. Ne3 Bc7 20. Rg1 Kd7 21. h3 Nh5 22. Nf1 Kc6 23. c4 a6 24. Ng4 f5 25. Nf2 b5 26. b3 Rd8 27. Nd3 bxc4 28. bxc4 fxe4 29. fxe4 Rd4 30. e5 Rxc4 31. Ne3 Ra4 32. Kf3 Bb6 33. Rc1 Ng7 34. g4 Rd4 35. Ke2 Ne8 36. Nc2 Ra4 37. Kf3 Nc7 38. Nb2 Rf4+ 39. Kg3 Re4 40. Nd3 Nd5 41. Kf3 Rc4 42. Ncb4+ Rxb4 43. Nxb4+ Nxb4 44. Rd1 Bc7 45. a3 Nd5 46. Re1 c4 47. Ke4 Bb6 48. Rf1 Nc3+ 49. Kf3 Kd5 50. h4 Kxe5 51. h5 Nd5 52. Ke2 Nf4+ 53. Kd2 Kd5 54. Rb1 Kc5 55. Kc2 e5 56. Rd1 e4 57. Rd7 e3 58. Rh7 e2 59. Rxh6 e1Q 0-1

[Event "Toronto-B2"]
[Site "Toronto"]
[Date "2009.02.24"]
[Round "5"]
[White "Cheron, Anthony"]
[Black "Orlova, Yelizaveta"]
[Result "1-0"]
[WhiteElo "1975"]
[BlackElo "1993"]
[PlyCount "115"]
[EventDate "2009.01.27"]
[EventType "tourn"]
[EventRounds "9"]
[EventCountry "CAN"]
[SourceTitle "EXT 2011"]
[Source "ChessBase"]
[SourceDate "2010.11.26"]
[SourceVersion "1"]
[SourceVersionDate "2010.11.26"]
[SourceQuality "1"]

1. d3 c5 2. g3 g6 3. c3 Bg7 4. Na3 Nc6 5. f3 d5 6. e4 Be6 7. Bh3 Qd7 8. Bxe6 fxe6 9. Nh3 Rd8 10. Nf2 Nf6 11. Bg5 0-0 12. 0-0 Qc8 13. Qe2 h6 14. Bxf6 Rxf6 15. e5 Rf5 16. f4 g5 17. Nh3 Rdf8 18. Nc2 d4 19. c4 Qe8 20. a3 Qg6 21. Kh1 Qf7 22. g4 Rxf4 23. Nxf4 gxf4 24. Ne1 Nxe5 25. Nf3 Nxf3 26. Rxf3 Qg6 27. h3 e5 28. b4 Qc6 29. b5 Qf6 30. a4 Qg5 31. a5 Qg6 32. a6 b6 33. Rg1 Bf6 34. h4 Rf7 35. Rh3 Rg7 36. Qf3 h5 37. g5 e6 38. Re1 Be7 39. Rxe5 Bd6 40. Re2 Qf5 41. Rg2 e5 42. Qd5+ Kh7 43. Rf3 Bc7 44. Qc6 Qg6 45. Qa8 Rf7 46. Re2 Qf5 47. Qe4 Qxe4 48. Rxe4 Kg6 49. Re2 Kf5 50. Rff2 Rg7 51. Kg2 Kg4 52. Re1 Kxh4 53. Kf3 Kxg5 54. Rg1+ Kf6 55. Rxg7 Kxg7 56. Rg2+ Kf6 57. Ke4 h4 58. Rg4 1-0